000 00808nam a22002537a 4500
003 UA-OsUOA
001 120692
007 ta
008 20170209b un ||||| |||| 00| 0 ukr d
100 _aГаленко О.
700 _aРассамакін Ю.
700 _aВудфін В.
700 _aГолод Р.
090 _a902
_bГ15
942 _cSA
040 _aUA-OsUOA
_bukr
_cUA-OsUOA
_dUA-OsUOA
245 _aТрофеї половецького вождя з Чунгульського кургану: переужиток, ритуальні функції та символіка
300 _aС.42-72
955 _a0
041 _aukr
080 _a902
773 0 _w120688
_tАрхеологія
_dК.
_d2016
_g4
650 7 _a9 Географія. Біографії. Історія
_2UDC
999 _c406581
_d406581